Marketing hospitality : sales and marketing for hotels,motels and resorts

Bibliographic Details
Main Author: Foster, Dennis L
Format: Book
Published: Illinois : McGraw-Hill , 1993
Series:Hospitality Professional Series
Subjects:

MARC

LEADER 00000cam a2200000 7i4500
001 0000002320
002 000002527
005 20090429.0
020 |a 0028087550 
090 0 0 |a 647.94068   |b FOS 
100 1 |a Foster, Dennis L 
245 1 0 |a Marketing hospitality :   |b sales and marketing for hotels,motels and resorts   |c Dennis L.Foster 
260 |a Illinois :   |b McGraw-Hill ,   |c 1993 
300 |a 190p. ;   |c 26cm. 
490 0 |a Hospitality Professional Series 
650 0 0 |a Hotels, taverns, etc.   |x Marketing 
999 |a 00069643   |b BUKU   |c PINJAMAN   |e PERPUSTAKAAN KOMUNITI PETALING JAYA 
999 |a 035524   |b BUKU   |c PINJAMAN   |e PERPUSTAKAAN KOMUNITI PETALING JAYA